A critical pronouncing dictionary, an expositor of the english languaje

Sábháilte in:
Sonraí bibleagrafaíochta
Príomhchruthaitheoir: Walker, John (Údar)
Formáid: LEABHAR
Teanga:Béarla
Foilsithe / Cruthaithe: Nueva York W y J. Bolles 1839
Ábhair:
Clibeanna: Cuir clib leis
Níl clibeanna ann, Bí ar an gcéad duine le clib a chur leis an taifead seo!

MARC

LEADER 00000nam a2200000 a 4500
001 UCG6383
003 CL-VaPUC
008 110421e18390000US |||||||||||||||||eng|d
082 0 4 |a 423  |b WAL  |2 21 
100 0 |a Walker, John  |e author  |9 556553 
245 1 2 |a A critical pronouncing dictionary, an expositor of the english languaje 
300 |a 103 p 
942 |c BK 
945 |d 20110421 00:00:00  |a jcampos 
260 |a Nueva York  |b W y J. Bolles  |c 1839 
650 0 |a Gramática inglesa  |9 392981 
650 7 |a DICCIONARIOS INGLESES  |2 CL-VaPUC  |9 556554 
650 0 |a Enseñanza del inglés  |9 367340 
583 |a last modification  |c 20110421 00:00:00  |k Rodrigo Vera 
999 |c 344636  |d 344634 
952 |0 0  |1 0  |4 0  |6 423_000000000000000_WAL_1839  |7 0  |8 X  |9 442709  |a FDOBUD  |b FDOBUD  |d 2019-11-22  |i 1017829  |o 423 WAL 1839  |p 1017829  |r 2019-11-22  |w 2019-11-22  |y BK_X  |k BUD